[Event "TUR-ch U13-U18 Girls"]
[Site "Antalya"]
[Date "2020.01.24"]
[Round "9"]
[White "Hafizoglu, Bengi"]
[Black "Kara, Gulce Nehir"]
[Result "0-1"]
[WhiteElo "1629"]
[BlackElo "1876"]
[PlyCount "112"]
[EventDate "2020.01.19"]
[EventType "swiss"]
[EventRounds "11"]
[EventCountry "TUR"]
[SourceTitle "CBM 195 Extra"]
[Source "ChessBase"]
[SourceDate "2020.05.31"]
[SourceVersion "1"]
[SourceVersionDate "2020.05.31"]
[SourceQuality "1"]

1. e4 c5 2. Nf3 e6 3. g3 Nc6 4. Bg2 d6 5. 0-0 Nf6 6. Qe2 Qc7 7. Rd1 Be7 8. d4 cxd4 9. Nxd4 Nxd4 10. Rxd4 0-0 11. c4 Bd7 12. Nc3 a6 13. b3 Rac8 14. Bb2 Bc6 15. Rad1 Rfd8 16. h3 Qb8 17. b4 Ne8 18. b5 axb5 19. cxb5 Bd7 20. a4 Bf6 21. Rc4 Rxc4 22. Qxc4 Rc8 23. Qb4 Qc7 24. Rc1 Qc4 25. Qa3 Qd4 26. Qb3 Qd2 27. Rc2 Qe1+ 28. Bf1 Bd4 29. a5 Bxc3 30. Rxc3 Qxe4 31. Rxc8 Bxc8 32. Qc3 Bd7 33. Bg2 Qb1+ 34. Qc1 Qxc1+ 35. Bxc1 Bxb5 36. Bxb7 Nc7 37. Be3 Kf8 38. Bb6 Na6 39. Bxa6 Bxa6 40. f3 Ke7 41. Kf2 e5 42. Ke3 Ke6 43. g4 d5 44. f4 f6 45. Bc5 d4+ 46. Ke4 Bb7+ 47. Kd3 Kd5 48. Bb6 Ba6+ 49. Kd2 e4 50. g5 e3+ 51. Ke1 Ke4 52. Bc5 d3 53. Bb4 d2+ 54. Bxd2 exd2+ 55. Kxd2 Kxf4 56. gxf6 gxf6 0-1

[Event "TUR-chT 2nd League"]
[Site "Konya"]
[Date "2017.07.18"]
[Round "3.2"]
[White "Ozsoy, Damla"]
[Black "Hafizoglu, Bengi"]
[Result "1/2-1/2"]
[WhiteElo "1490"]
[BlackElo "1415"]
[PlyCount "60"]
[EventDate "2017.07.17"]
[EventType "team-swiss"]
[EventRounds "9"]
[EventCountry "TUR"]
[SourceTitle "CBM 179 Extra"]
[Source "ChessBase"]
[SourceDate "2017.08.23"]
[SourceVersion "1"]
[SourceVersionDate "2017.08.23"]
[SourceQuality "1"]
[WhiteTeam "Berk Tugra Caliskan"]
[BlackTeam "Mugla Ortaca Belediye"]
[WhiteTeamCountry "TUR"]
[BlackTeamCountry "TUR"]

1. e4 c5 2. Nf3 Nc6 3. d4 cxd4 4. Nxd4 g6 5. Nc3 Bg7 6. Be3 Nf6 7. Be2 0-0 8. 0-0 d5 9. exd5 Nxd5 10. Nxd5 Qxd5 11. Bf3 Qc4 12. Nxc6 bxc6 13. c3 Bf5 14. Qb3 Qa6 15. Bc5 Rfe8 16. Qa3 Qxa3 17. Bxa3 Rac8 18. Rfe1 e5 19. Bc5 e4 20. Bd1 Rb8 21. Bb3 Rb7 22. Rad1 Bf8 23. Bxf8 Kxf8 24. Rd6 Rc8 25. Re2 Ke7 26. Red2 Rb6 27. h3 h5 28. R6d4 c5 29. Ra4 Rc7 30. Kf1 Rbc6 1/2-1/2

[Event "TUR-ch (Women)"]
[Site "Cesme"]
[Date "2016.03.12"]
[Round "9"]
[White "Hafizoglu, Bengi"]
[Black "Novruzova, Nigar Farman Qizi"]
[Result "0-1"]
[WhiteElo "1203"]
[BlackElo "1713"]
[PlyCount "70"]
[EventDate "2016.03.07"]
[EventType "swiss"]
[EventRounds "9"]
[EventCountry "TUR"]
[SourceTitle "CBM 171 Extra"]
[Source "ChessBase"]
[SourceDate "2016.04.26"]
[SourceVersion "1"]
[SourceVersionDate "2016.04.26"]
[SourceQuality "1"]

1. d4 g6 2. c4 Bg7 3. Nc3 d6 4. Nf3 Nd7 5. e4 e5 6. Be2 Ne7 7. 0-0 0-0 8. Bg5 h6 9. Be3 Kh7 10. a3 f5 11. d5 f4 12. Bc1 g5 13. h3 Rg8 14. Nh2 Nf6 15. Bf3 Ng6 16. Bd2 Nh4 17. Be2 Qd7 18. Ng4 Qf7 19. Nxf6+ Bxf6 20. Bh5 Qf8 21. f3 Qg7 22. Qe2 Bd7 23. Rac1 a6 24. Rb1 Raf8 25. Rbc1 Be8 26. Bxe8 Rxe8 27. Kh1 h5 28. Rg1 g4 29. fxg4 hxg4 30. Qxg4 Qxg4 31. hxg4 Rxg4 32. g3 Nf3 33. Rg2 fxg3 34. Be1 Rh4+ 35. Rh2 Rxh2# 0-1